00584nam a22001937a 4500003000500000005001700005008004100022010000900063011000900072035000900081040000900090100004400099245009500143260003800238300002300276500001200299502005700311650002200368CHAP20220329133146.0971013s1991 r 00010 d a2841 a3813 a3014 cCHAP00aJiménez Márquez, Manuel de Jesús. aEvaluación del método de riego por surcos aplicando la técnica de flujo intermitente aMarín, N. L. :bEl autor,c1991 a108 h.b; gráfs. aD47-133 aTesis (Ing. Agrícola) -- UANL. Fac. de Agronomía14aRiego por surcos.